00454pab a2200145 454500008004000000100002400040245010100064260000900165300001200174362001100186650003800197650003000235650001400265773002900279180718b2000 xxu||||| |||| 00| 0 eng d aAshworth, Rachel E. aParty manifestos and local accountability: a content analysis of local election pledges in Wales c2000 ap.11-30 aAutumn aPolitical parties - Great Britain aElections - Great Britain aElections aLocal Government Studies